000 01571namaa22003371i 4500
005 20260426130714.0
008 260426s1994 ua a|||frm||| 000 0 eng d
040 _aEG-GICUC
_cEG-GICUC
_dEG-GICUC
_erda
041 0 _aeng
_beng
_bara
049 _aDeposit
097 _aM.Sc
099 _aCai01.12.07.M.Sc.1994.Ah.S
100 0 _aAhmed Farouk Eweas Abd-El Kader,
_epreparation.
245 1 0 _aSynthesis of some new heterocyclic compounds incorporated to quinoline with expected biological activity /
_cBy Ahmed Farouk Eweas Abd-El Kader ; Supervised Prof. Dr. Abdel-Samea M. Abdel-Fattah, Dr. Emad M.M. Kassem, Dr. Omar A. Fatthalla, Dr. Maha Z. Rizk
246 1 5 _aتشيد بعض المركبات الحلقية الغير متجانسة المرتبطة بالكينولين والمتوقع لها فاعلية بيولوجية
264 0 _c1994.
300 _a98 Leaves
_billustrations
_c30 cm. +
336 _2rda content
_atext
337 _2rdamedia
_aUnmediated
338 _2rdacarrier
_avolume
502 _aThesis (M.Sc.)-Cairo University, 1995
504 _aBibliography: pages 88-98
653 0 _anew heterocyclic compounds
700 0 _aAbdel-Samea M. Abdel-Fattah
_ethesis advisor.
700 0 _aEmad M.M. Kassem
_ethesis advisor.
700 0 _aOmar A. Fatthalla
_ethesis advisor.
700 0 _aMaha Z. Rizk
_ethesis advisor.
900 _DDepartment of Chemistry
_FFaculty of Science
_UCairo University
_b1994
_cAbdel-Samea M. Abdel-Fattah
_cEmad M.M. Kassem
_cOmar A. Fatthalla
_cMaha Z. Rizk
905 _aNehad
942 _2ddc
_cTH
_e21
_n0
999 _c179733